Coniugazione - Venire - Statistics

Statistiche generali
  • Questo quiz è stato fatto 2 volte
  • Il punteggio medio è 43 su 47
Statistiche sulle risposte
Tempo Coniugazione % Corretto
che io o tu o lui o lei. Venga
100%
(lui o lei) Venga
100%
che loro Vengano
100%
(loro) Vengano
100%
Io Vengo
100%
Loro Vengono
100%
Noi Veniamo
100%
che noi Veniamo
100%
(noi) Veniamo
100%
che voi Veniate
100%
che lui o lei Venisse
100%
che loro Venissero
100%
che io o tu Venissi
100%
che noi Venissimo
100%
Voi Veniste
100%
che voi Veniste
100%
Voi Venite
100%
(voi) Venite
100%
Lui o Lei Veniva
100%
Noi Venivamo
100%
Loro Venivano
100%
Voi Venivate
100%
Tu Venivi
100%
Io Venivo
100%
Lui o Lei Verrà
100%
Tu Verrai
100%
Loro Verranno
100%
Lui o Lei Verrebbe
100%
Loro Verrebbero
100%
Io Verrei
100%
Noi Verremmo
100%
Noi Verremo
100%
Voi Verreste
100%
Tu Verresti
100%
Voi Verrete
100%
Io Verrò
100%
Lui o Lei Viene
100%
Tu Vieni
100%
(tu) Vieni
100%
Presente Venendo
50%
Noi Venimmo
50%
Tu Venisti
50%
Lui o Lei Venne
50%
Loro Vennero
50%
Io Venni
50%
Passato Venuto
50%
Presente Veniente
0%
Nessun quiz corrispondente trovato
Distribuzione punteggi
Percentuale di utenti per punteggio
Percentile per numero di risposta
I tuoi punteggi nel tempo
Non hai fatto questo quiz